Statistics for strongest navies in history

Click here to take the quiz!

General Stats

  • This quiz has been taken 83 times
  • The average score is 7 of 15

Answer Stats

Date Country/Nation % Correct
1950s-PresentUnited States
100%
1805-1950sUnited Kingdom
96%
1799-1805France
90%
1500s-1650sPortugal
61%
1650s-1799Netherlands
56%
50BC-400ADRoman Empire
44%
1400s-1500sChina
39%
2000BC-1200BCEgypt
37%
1000s-1400sVenice
27%
400s-800sByzantine Empire
25%
600BC-300BCAthens
25%
800s-1000sVikings
18%
300BC-200BCCarthage
18%
200BC-50BCEgypt(Ptolemaic Kingdom)
14%
1200BC-600BCPhoenicia
8%

Score Distribution

Percentile by Number Answered

Percent of People with Each Score

Your Score History

You have not taken this quiz